000 00988cas a22002413i 4500
999 _c57296
_d57296
001 20722944
005 20200217121726.0
008 181027cuuuu9999gw || | 0 0eng
022 _a1607-5889
022 _l1816-3831
245 0 0 _aInternational Review of the Red Cross :
_b2014 Volume 96 №895/6 Humanitarian debate : Law, policy, action Generating respect for the law : /
_cEditor-in-Chief Vincent Bernard
264 1 _aCambridge :
_bCambridge University Press,
_b2014.
300 _aV.
336 _atext
_btxt
_2rdacontent
337 _acomputer
_bc
_2rdamedia
338 _aonline resource
_bcr
_2rdacarrier
653 _aჰუმანიტარული დებატები კანონი პოლიტიკა მოქმედება
653 _aპერიოდიკა
700 _aBernard, Vincent
_eრედაქტორი
_97084
906 _a0
_bibc
_cserials
_d2
_encip
_f20
_gz-ilsserca
942 _2udc
_cCR
955 _arh00 2018-10-27